Szczegóły MARC21

Reigen von Arthur Schnitzler : sexuelle Szene und Verfehlung in Michael Thalheimers Inszenierung am Thalia Theater Hamburg /

003 -Nazwa inst., której nr kontr. jest w polu 001 [,]
    • @
    • Nazwa instytucji, której n kontrolny jest w polu 001
    • NUKAT
005 -DATA I CZAS OSTATNIEJ MODYFIKACJI [,]
    • @
    • pole kontrolne
    • 20250315031544.0
020 -Międzynarod. znormalizowany nr książki - ISBN [ , ]
    • a
    • Numer ISBN
    • 9783826042171 Find
040 -Instytucja sporządzająca opis [ , ]
    • a
    • Instytucja, która sporządziła opis (NP)
    • LUBL U/rok
    • c
    • Instytucja, która sporządziła rekord (NP)
    • LUBL U/roks
    • d
    • Instytucja, która zmodyfikowała rekord (P)
    • LUBL U/Mko
942 -Rodzaj dokumentu [ , ]
    • c
    • Rodzaj dokumentu
    • Książka
245 -Strefa tytułu i oznaczenia odpowiedzialności [0,0]
    • a
    • Tytuł
    • Reigen von Arthur Schnitzler : Find
    • b
    • Ciąg dalszy tytułu (NP)
    • sexuelle Szene und Verfehlung in Michael Thalheimers Inszenierung am Thalia Theater Hamburg / Find
    • c
    • Pozostałe elementy strefy tytułu i oznaczenia odpowiedzialności (NP)
    • Ortrud Gutjahr (Hg.).
260 -Strefa adresu wydawniczego [ , ]
    • a
    • Miejsce wydania (P)
    • Würzburg :
    • b
    • Nazwa wydawcy (P)
    • Königshausen & Neumann,
    • c
    • Data wydania (P)
    • cop. 2009.
300 -Strefa opisu fizycznego [ , ]
    • a
    • Określenie formy książki i/lub objętość (NP)
    • 184 s. :
    • b
    • Oznaczenie ilustracji (NP)
    • il. ;
    • c
    • Format (NP)
    • 24 cm.
336 -Typ zawartości [ , ]
    • a
    • Termin opisujący typ zawartości
    • Tekst
    • b
    • Kod określający zawartość
    • txt
    • 2
    • Źródło (terminu i kodu)
    • rdacontent
337 -Typ mediów [ , ]
    • a
    • Tryb odtwarzania
    • Bez urządzenia pośredniczącego
    • b
    • Kod typu mediów
    • n
    • 2
    • Źródło (terminu i kodu)
    • rdamedia
338 -Typ/rodzaj nośnika [ , ]
    • a
    • Hasło opisujące typ nośnika
    • Wolumin
    • b
    • Kod typu nośnika
    • nc
    • 2
    • Źródło (terminu i kodu)
    • rdacarrier
490 -Strefa serii i książki wielotomowej - forma nie do wyszukiwania [1, ]
    • a
    • Tytuł (P)
    • Theater und Universität im Gespräch ; Find
    • v
    • Numeracja (P)
    • Bd. 10
830 -Hasło dodatkowe serii i opisu książki wielotomowej - tytuł ujednolicony/tytuł [ ,0]
    • a
    • Tytuł ujednolicony/tytuł (NP)
    • Theater und Universität im Gespräch
    • v
    • Oznaczenie tomu (NP)
    • Bd. 10
    • 9
    • KHW
    • 476758
600 -Hasło przedmiotowe w formie nazwy osobowej [1,7]
    • a
    • Nazwa osobowa
    • Schnitzler, Arthur
    • d
    • Daty związane z nazwą
    • (1862-1931).
    • t
    • Tytuł
    • Reigen
    • 2
    • Źródło terminu
    • kaba
    • 9
    • KHW
    • 324609
700 -Hasło dodatkowe - nazwa osobowa [1, ]
    • a
    • Nazwa osobowa (NP)
    • Gutjahr, Ortrud Find
    • d
    • Daty biograficzne (NP)
    • (1954- ).
    • e
    • Określenie rodzaju współpracy
    • Red.
    • 9
    • KHW
    • 476757
920 -ISBN [ , ]
    • a
    • ISBN
    • 978-3-8260-4217-1 Find
Data inwentaryzacji Sygnatura Lokalizacja Status udost. Numer inwentarzowy
2019-02-11Germ.Literaturozn.-Schnitzler 04BM-3G.19898